| 000 | 00674cam a2200181 4500 | ||
|---|---|---|---|
| 001 | WB3616-14 | ||
| 008 | 000000n2000 000 0 eng u | ||
| 035 | _a(Sirsi) u105492 | ||
| 245 | _aProperty companies fail investors | ||
| 260 | _c2000 | ||
| 490 |
_aEstates Gazette _v(0015) 15 April 2000, 49(1) |
||
| 520 | _aProperty analysts suggest that for the last 25 years most property companies' shares have failed to produce returns that justify their role as investment vehicles. | ||
| 590 | _aWB | ||
| 650 | _aPROPERTY COMPANIES | ||
| 650 | _aPROPERTY COMPANY SHARES | ||
| 690 | _aPROPERTY-COMMERCIAL PROPERTY-COMMERCIAL PROPERTY FINANCE AND INVESTMENT | ||
| 942 | _n0 | ||
| 999 |
_c63205 _d63205 |
||